Loading...

NAVAYUGASILPI RAJARAJA VARMA

Bibliographic Details
Main Author: RAMACHANDRAN NAIR PANMANA
Format: Printed Book
Published: Kottayam DC BOOKS
LEADER 00445nam a2200169 4500
020
082 |a 894.8128R RAM 
100 |a RAMACHANDRAN NAIR PANMANA 
245 |a NAVAYUGASILPI RAJARAJA VARMA  |h Malayalam 
250
260 |a Kottayam  |b DC BOOKS 
300
650
700
942 |c BK 
999 |c 157367  |d 157367 
952 |0 0  |1 0  |4 0  |6 894_000000000000000_8128R_RAM  |7 0  |9 170824  |a ORI  |b ORI  |l 0  |o 894.8128R RAM  |p ORI6655  |r 2019-10-25  |w 2019-10-25  |y BK